भारत एवं विश्व का भूगोल: (Record no. 200193)
[ view plain ]
| 000 -LEADER | |
|---|---|
| fixed length control field | 01577nam a22002177a 4500 |
| 005 - DATE AND TIME OF LATEST TRANSACTION | |
| control field | 20240321151818.0 |
| 010 ## - LCCN (DPL NO) | |
| LC control number | B-758133-142 |
| 020 ## - INTERNATIONAL STANDARD BOOK NUMBER | |
| International Standard Book Number | 9789355322418 |
| Terms of availability | 595.00 |
| 035 ## - SYSTEM CONTROL NUMBER | |
| System control number | B-758133-142 |
| 037 ## - SOURCE OF ACQUISITION | |
| Source of stock number/acquisition | प्रगति पब्लिकेशन |
| 082 ## - DEWEY DECIMAL CLASSIFICATION NUMBER | |
| Classification number | 910.954 |
| 100 ## - MAIN ENTRY--PERSONAL NAME | |
| Personal name | हुसैन,माजिद |
| 245 ## - TITLE STATEMENT | |
| Title | भारत एवं विश्व का भूगोल: |
| Remainder of title | सिविल सेवा / राज्य सेवा की परीक्षा हेतु एक सफल मार्गदर्शिका / |
| Statement of responsibility, etc | माजिद हुसैन ; तसव्वुर हुसैन जैद़ी द्वारा संपादित |
| 250 ## - EDITION STATEMENT | |
| Edition statement | छठा संस्करण |
| 260 ## - PUBLICATION, DISTRIBUTION, ETC. (IMPRINT) | |
| Place of publication, distribution, etc | चेन्नई |
| Name of publisher, distributor, etc | मैकग्रा हिल एजुकेशन प्रा. लि. |
| Date of publication, distribution, etc | 2023 |
| 270 ## - ADDRESS | |
| Address | 444/1 , श्री एकम्बरा नेकर इंडस्ट्रियल स्टेट ,अलपक्कम,पोरूर ,चेन्नई |
| City | चेन्नई |
| Postal code | 60116 |
| 300 ## - PHYSICAL DESCRIPTION | |
| Extent | वि. पृ. |
| Dimensions | 25 (अजिल्द) |
| 700 ## - ADDED ENTRY--PERSONAL NAME | |
| Personal name | जैद़ी,तसव्वुर हुसैन |
| 9 (RLIN) | 61023 |
| 942 ## - ADDED ENTRY ELEMENTS (KOHA) | |
| Item type | Hindi Books |
| Classification part | 910.954 |
| Call number suffix | हुसैन |
| Source of classification or shelving scheme | Dewey Decimal Classification |
| Withdrawn status | Lost status | Not for loan | Collection code | Home library | Current library | Date acquired | Source of acquisition | Cost, normal purchase price | Full call number | Barcode | Copy number | Cost, replacement price | Koha item type |
|---|---|---|---|---|---|---|---|---|---|---|---|---|---|
| Non-fiction | Andrews Gunj | Andrews Gunj | 21/03/2024 | प्रगति पब्लिकेशन /26/17.1.24/168/9.1.24/25.1.24 | 595.00 | 910.954 हुसैन | B-758138 | 1 | 595.00 | Hindi Books | |||
| Non-fiction | Central Library | Central Library | 21/03/2024 | प्रगति पब्लिकेशन /26/17.1.24/168/9.1.24/25.1.24 | 595.00 | 910.954 हुसैन | B-758133 | 1 | 595.00 | Hindi Books | |||
| Non-fiction | Mobile Library | Mobile Library | 21/03/2024 | प्रगति पब्लिकेशन /26/17.1.24/168/9.1.24/25.1.24 | 595.00 | 910.954 हुसैन | B-758134 | 2 | 595.00 | Hindi Books | |||
| Non-fiction | Mobile Library | Mobile Library | 21/03/2024 | प्रगति पब्लिकेशन /26/17.1.24/168/9.1.24/25.1.24 | 595.00 | 910.954 हुसैन | B-758135 | 2 | 595.00 | Hindi Books | |||
| Non-fiction | Patel Nagar | Patel Nagar | 21/03/2024 | प्रगति पब्लिकेशन /26/17.1.24/168/9.1.24/25.1.24 | 595.00 | 910.954 हुसैन | B-758136 | 1 | 595.00 | Hindi Books | |||
| Non-fiction | RC4 Seelam Pur | RC4 Seelam Pur | 21/03/2024 | प्रगति पब्लिकेशन /26/17.1.24/168/9.1.24/25.1.24 | 595.00 | 910.954 हुसैन | B-758142 | 1 | 595.00 | Hindi Books | |||
| Non-fiction | Sarojini Nagar | Sarojini Nagar | 21/03/2024 | प्रगति पब्लिकेशन /26/17.1.24/168/9.1.24/25.1.24 | 595.00 | 910.954 हुसैन | B-758137 | 1 | 595.00 | Hindi Books | |||
| Non-fiction | Shahdara Branch | Shahdara Branch | 21/03/2024 | प्रगति पब्लिकेशन /26/17.1.24/168/9.1.24/25.1.24 | 595.00 | 910.954 हुसैन | B-758140 | 1 | 595.00 | Hindi Books | |||
| Non-fiction | Vinoba Puri | Vinoba Puri | 21/03/2024 | प्रगति पब्लिकेशन /26/17.1.24/168/9.1.24/25.1.24 | 595.00 | 910.954 हुसैन | B-758139 | 1 | 595.00 | Hindi Books | |||
| Non-fiction | Yojana Vihar | Yojana Vihar | 21/03/2024 | प्रगति पब्लिकेशन /26/17.1.24/168/9.1.24/25.1.24 | 595.00 | 910.954 हुसैन | B-758141 | 1 | 595.00 | Hindi Books |
